| 000 | 00448nam a2200169Ia 4500 | ||
|---|---|---|---|
| 008 | 221030s9999 xx 000 0 und d | ||
| 020 | _a0070144575 | ||
| 041 | _aEnglish | ||
| 100 | _aA. K. Talukder | ||
| 245 | 0 |
_aMobile Computing - Technology, Applications & Service Creation _cby A. K. Talukder, H. Ahmad |
|
| 250 | _a2nd | ||
| 260 |
_bTMH _aNew Delhi _c2012 |
||
| 300 | _a627 | ||
| 650 | _aBE Computer | ||
| 700 | _aH. Ahmad | ||
| 942 | _cBK | ||
| 999 |
_c14816 _d14816 |
||